00766 2200289 4500001002100000005001500021035002000036007000300056040001700059100003500076245007300111250001100184020001800195041000800213090002100221264003600242336002100278337003000299338002300329650001000352850001000362008004100372082000800413084001400421990001900435990002200454INLIS00000000000890520260513021053 a0010-1022000280ta aSBPUPADbind0 aBambang Joko SusiloePengarang1 aKetika Matahari Tak Tampak :bKumpulan Cerpen /cBambang Joko Susilo aCet. 2 a979-666-152-7 aind a787.7 KUS g 23-8 aJakarta :bBalai Pustaka,c2000 2rdacontentateks 2rdamediaatanpa perantara 2rdacarrieravolume 4afiksi aPUPAD260513 0  a813 a813 SUS k a2448/ARPUS-PDG a26.261/H/DPK/2018